| 000 | 00706nam a2200181 i 4500 | ||
|---|---|---|---|
| 001 | 113402 | ||
| 003 | ES-MaACL | ||
| 005 | 20230906185858.0 | ||
| 007 | t| | ||
| 008 | 061121s1967 sp r ||||1| spa d | ||
| 100 | 1 |
_aPablo _bVI _cPapa, Santo. _9168351 |
|
| 245 | 1 | 3 |
_aEl Manifiesto Social de Pablo VI _b: comentarios, presupuestos conciliares y repercusiones posteriores de la Encíclica `Populorum Progressio` / _cpapa Pablo VI ; edición preparada por Rafael López Jordán. |
| 260 |
_aMadrid : _bStudium, _c1967. |
||
| 300 |
_a224 p. ; _c19 cm. |
||
| 650 | 4 |
_aIglesia y problemas sociales- _xEncíclicas. _9137973 |
|
| 700 | 0 |
_aLópez Jordán, Rafael. _973717 |
|
| 852 |
_aES-MaACL _jC-33550 _bR.64296 |
||
| 999 |
_c113402 _d113402 |
||